Movies Quiz

Random Movies or Clickable Quiz
Score 0/24 Timer 03:00
3 Plays Today
% Correct
Sweet
92.2%
The
89.1%
Fantastic
85.4%
A
85.3%
Quantum
84.6%
Road
84.1%
My
83.9%
Bridge
83.3%
Monsters
82.3%
I
81.7%
Stranger
81.4%
Charlie
79.4%
% Correct
What
78.2%
About
77.4%
Law
76.6%
Lucky
75.9%
Burn
71.8%
Bring
69.5%
Across
68.6%
Music
66.2%
Children
64.3%
She's
63.8%
Man
60.2%
This
50.1%
Remove Ads.
Support Sporcle.
Get the best of Sporcle when you Go Orange. This ad-free experience offers more features, more stats, and more fun while also helping to support Sporcle. Thank you for becoming a member.

You're not logged in!

Compare scores with friends on all Sporcle quizzes.
OR
Log In

Show Comments

Extras

Top Quizzes Today


Score Distribution

Your Account Isn't Verified!

In order to create a playlist on Sporcle, you need to verify the email address you used during registration. Go to your Sporcle Settings to finish the process.

Report this User

Report this user for behavior that violates our Community Guidelines.

Details: